Η Εργαλειοθήκη του Internet

Αποθηκεύτηκε σε:
Λεπτομέρειες βιβλιογραφικής εγγραφής
Κύριος συγγραφέας: Cedeno, Nancy
Άλλοι συγγραφείς: Γκαγκάτσιου, Ελένη
Μορφή: Βιβλίο
Γλώσσα:English
Greek
Δημοσίευση: Αθήνα : Παπασωτηρίου, 1996.
Ετικέτες: Προσθήκη ετικέτας
Δεν υπάρχουν, Καταχωρήστε ετικέτα πρώτοι!

MARC

LEADER 00000cam a2200000 i 4500
001 1/14130
008 001204s1996 gr | ||| |||| ||eng||
020 |a 9605120062 
035 |l 10064883 
040 |a GR-MyUA  |b gre  |e AACR2 
041 1 |a gre  |h eng 
100 0 |a Cedeno, Nancy. 
245 1 2 |a Η Εργαλειοθήκη του Internet /   |c Nancy Cedeno ; μετ. Ε. Γκαγκάτσιου.  
260 |a Αθήνα :   |b Παπασωτηρίου,   |c 1996.  
500 |a Τίτλος πρωτοτύπου: The Internet Tool Kit.  
504 |a Περιλαμβάνει ευρετήριο.  
700 1 |a Γκαγκάτσιου, Ελένη. 
852 |a INST  |b CHIOS  |e 20001204  |h 005.713 ΕΡΓ  |p 005200017072  |q 005200017072  |t BK  |y 0 
901 |a BIBL2-2000-3 
909 |a Χ  |b 082302 
922 |a 2ΕΛΗ  |b 200011  |c ΜΟΔ  |d ΠΑΠΑΣΩΤΗΡΙΟΥ 
950 |a 112-2000-07-25 
970 |a ΠΟΥΛΑΚΗ  |b ΣΤΕΛΛΑ  |z 2000/12/20